| 000 | 00711cam a22002411 4500 | ||
|---|---|---|---|
| 001 | ne 64000675 | ||
| 003 | DLC | ||
| 005 | 20260227111757.0 | ||
| 008 | 950710s1962 xx 000 0 arao | ||
| 010 | _ane 64000675 | ||
| 025 | _aPL480:UAR-3773 | ||
| 035 | _a(OCoLC)32793020 | ||
| 040 |
_aDLC _cCU _dCU _dDLC |
||
| 042 | _apremarc | ||
| 050 | 0 | 0 |
_aPJ6106 _b.S2 |
| 100 | 1 |
_aṢaʻīdī, ʻAbd al-Mutaʻāl, _d1894- |
|
| 245 | 1 | 0 | _aShadharāt ʻalā Sharḥ Shudhūr al-dhahab. |
| 260 | _c.1961 [i.e. 1962] | ||
| 300 |
_a403 p. _c24 cm. |
||
| 650 | 0 |
_aArabic language _xGrammar. |
|
| 700 | 2 |
_aIbn Hishām, ʻAbd Allāh ibn Yūsuf, _d1309-1360. _tShudhūr al-dhahab. |
|
| 740 | 0 | _aSharḥ Shudhūr al-dhahab. | |
| 999 |
_c46804 _d46804 |
||